Jak přežít dospívání svých dětí /

Uloženo v:
Hlavní autor: Dainow, Sheila, 1937- (Autor)
Další autoři: Koldinský, Milan (Autor)
Médium: Kniha
Jazyk:Czech
Vydáno: Praha : Portál, 1995
Vydání:1. vyd.
Edice:Rádci pro rodiče a vychovatele
Témata:
Celkem bylo vypůjčeno:13x
Tagy:
Žádné tagy
LEADER 01100nam a2200289 a 4500
001 32600
005 20240330055608.0
008 960131s1995----xr ---------u-------cze-d
015 |a cnb000107672 
020 |a 80-7178-051-0 :  |c 89.00 Kč 
040 |a UOG502  |e AACR2  |9 1  |b cze 
041 1 |a cze  |h eng 
080 |a 37 
080 |a 37.018.1 
100 1 |a Dainow, Sheila,  |d 1937-  |7 xx0025448  |4 aut  |9 10871 
245 1 0 |a Jak přežít dospívání svých dětí /  |c Sheila Dainow ; [z angl. orig. přel. M. Koldinský] 
250 |a 1. vyd. 
260 |a Praha :  |b Portál,  |c 1995 
300 |a 159 s., obr. 
490 1 |a Rádci pro rodiče a vychovatele 
653 |a pedagogika  |a mládež  |a dospívání  |a rodina  |a výchova  |a problémy  |a rady  |a příručky 
700 1 |a Koldinský, Milan  |7 jx20040205010  |4 trl  |9 21363 
830 0 |a Rádci pro rodiče a vychovatele 
910 |a UOG502 
999 |c 32600  |d 32600 
942 0 0 |0 13 
993 |0 0  |1 421180040519  |2 ddc  |4 0  |6 316_000000000000000  |7 0  |9 13350  |a 89.00  |b 0  |c 40519  |d 1996-01-31  |e 13  |f SKLAD  |g 316  |h 89.00  |i Zámecké knihkupectví  |j 14  |l SKLAD  |r 2023-06-29  |t 5  |w 2017-09-19  |y KN  |z NAUCNA